Психология современной семьи: книга для педагогов и родителей

Dettagli Bibliografici
Autore principale: Целуйко В. М. Валентина Михайловна
Riassunto:Книга посвящена анализу и характеристике важнейших социально-психологических проблем современной семьи. В ней отдельно выделены вопросы, связанные с особенностями становления молодой семьи и теми психологическими трудностями, которые возникают на начальных этапах организации совместной жизни. Рассматриваются кризисные ситуации на протяжении жизненного цикла семьи, внутрисемейные проблемы супружеской пары при повторном вступлении в брак, особенности воспитания детей в сводной семье. Адресована педагогам и практическим психологам, семейным кон­сультантам и социальным работникам, студентам, преподавателям факультетов психологии и социальной работы высших учебных заведений, а также всем, интересующимся проблемами семьи.
Lingua:russo
Pubblicazione: Москва, Владос, 2006
Serie:Психология для всех
Soggetti:
Natura: MixedMaterials Libro
KOHA link:https://koha.lib.tpu.ru/cgi-bin/koha/opac-detail.pl?biblionumber=104771

MARC

LEADER 00000nam0a2200000 4500
001 104771
005 20231031114132.0
010 |a 5691010832 
035 |a (RuTPU)RU\TPU\book\112977 
090 |a 104771 
100 |a 20061107d2006 m y0rusy50 ca 
101 0 |a rus 
102 |a RU 
105 |a y z 001zy 
200 1 |a Психология современной семьи  |e книга для педагогов и родителей  |f В. М. Целуйко 
210 |a Москва  |c Владос  |d 2006 
215 |a 287 с. 
225 1 |a Психология для всех 
318 |5 63413507  |a Любовь и верность навсегда. Мир любви, мир семье  |b выставка 
320 |a Библиогр.: с. 282-285. 
330 |a Книга посвящена анализу и характеристике важнейших социально-психологических проблем современной семьи. В ней отдельно выделены вопросы, связанные с особенностями становления молодой семьи и теми психологическими трудностями, которые возникают на начальных этапах организации совместной жизни. Рассматриваются кризисные ситуации на протяжении жизненного цикла семьи, внутрисемейные проблемы супружеской пары при повторном вступлении в брак, особенности воспитания детей в сводной семье. Адресована педагогам и практическим психологам, семейным кон­сультантам и социальным работникам, студентам, преподавателям факультетов психологии и социальной работы высших учебных заведений, а также всем, интересующимся проблемами семьи. 
610 1 |a психология 
610 1 |a семья 
610 1 |a семейная психология 
610 1 |a структура 
610 1 |a типология 
610 1 |a жизненный цикл 
610 1 |a молодые семьи 
610 1 |a супружеские отношения 
610 1 |a измены 
610 1 |a разводы 
610 1 |a браки 
610 1 |a повторные браки 
610 1 |a кризисы 
610 1 |a учебные пособия 
686 |a Ю956я73  |v LBC/SL-A  |2 rubbk 
700 1 |a Целуйко  |b В. М.  |g Валентина Михайловна 
801 1 |a RU  |b 63413507  |c 20061107  |g PSBO 
801 2 |a RU  |b 63413507  |c 20120706  |g PSBO 
942 |c BK 
959 |a 90/20061025  |d 1  |e 87,00  |f ЧЗГЛ:1